| 000 | 00688nac a22002171u 4500 | ||
|---|---|---|---|
| 010 | _a 2006925140 | ||
| 020 | _a0618833455 (instructor's ed.) | ||
| 020 | _a0618767959 (student ed.) | ||
| 082 |
_a658 _bGRI |
||
| 090 |
_c8714 _d8714 |
||
| 100 | _aGriffin, Ricky W. | ||
| 245 | 1 | 0 |
_aManagement / _cRicky W. Griffin. |
| 250 | _a9th ed. | ||
| 260 |
_aBoston : _bHoughton Mifflin Co.,2008 _cc2008. |
||
| 300 |
_axxix, 738 p. : _bill. ; _c27 cm. |
||
| 500 | _adistributer: baccah | ||
| 504 | _aIncludes bibliographical references (p. [659]-682) and indexes. | ||
| 511 | _acatalogued by: wessam | ||
| 650 | 0 | _aManagement. | |
| 942 |
_cBB _k658GRI |
||
| 999 |
_c8714 _d8714 |
||